000 00845nas a2200277 4500
001 BR9701774
003 BR-BrBNA
005 20231205100124.0
007 ta
008 230509b bl.|||p| |||| 00| 00por d
040 _aBR-BrBNA
_bpor
_cBiblioteca Nacional de Agricultura
041 _a(Pt)
072 _aF01
100 1 _aFaleiro, F.G.
100 1 _aPicanco, M.C.
100 1 _aGuedes, R.N.C.
100 1 _aMiranda, M.M.M.
100 1 _aAraujo, J.M. de
245 1 _aIntensidade de perdas em 49 populacoes de milho (Zea mays L.)cultivadas em condicoes de baixa tecnologia
650 _aMilho
650 _aPerda da Producao
650 _aMinas Gerais
773 0 _tCiencia e Pratica (Brazil)
_xISSN 0100-3267
_g(Jul-Sep 1995), v. 19(3) p. 272-280
_wBR9701774
909 _a202311
_bLúcia
_c55
_dLúcia Elande
942 _2AGRIS
_n0
_cANA
999 _c154411
_d154411